000 01600cam a2200385 i 4500
999 _c128301
_d128301
001 19256972
003 ARRUPE
005 20181003100844.0
008 160706s2016 it b 001 0 eng d
010 _a 2016406492
020 _a9788876536908 :
_c30.00 EUR
035 _a(ItFiC)3139560
040 _aItFiC
_cItFiC
_erda
_dDLC
041 0 _aeng
_ager
042 _alccopycat
050 0 0 _aBS1186
_b.N4782 2016
100 1 _aNeudecker, Reinhard,
_d1938-
_eauthor.
_942719
245 1 0 _aRabbinic literature :
_ba rich source for the interpretation and implementation of the Old and New Testaments : selected essays /
_cReinhard Neudecker.
260 _aRoma
_bGregorian and Biblical Press
_c2016
300 _a255 p. ;
_c23 cm.
490 0 _aAnalecta Biblica. Studia ;
_v7
504 _aIncludes bibliographical references (pages 245-247) and index.
546 _aEssays in English and German.
630 0 0 _aBible.
_pOld Testament
_xCriticism, interpretation, etc., Jewish.
_942720
650 0 _aRabbinical literature
_xRelation to the New Testament.
_942721
650 0 _aRabbinical literature
_xHistory and criticism.
_911811
856 4 1 _3Table of contents only
_uhttp://www.loc.gov/catdir/toc/casalini16/3139560.pdf
906 _a7
_bcbc
_ccopycat
_du
_encip
_f20
_gy-gencatlg
942 _2lcc
_cMONOGRAPH